| 000 | 00806nam a2200253Ia 4500 | ||
|---|---|---|---|
| 003 | OSt | ||
| 005 | 20221005072652.0 | ||
| 006 | a|||||r|||| 00| 0 | ||
| 007 | ta | ||
| 008 | 221004b |||||||| |||| 00| 0 urd d | ||
| 020 |
_a9789389002263 (hbk) _cINR 250.00 |
||
| 024 | _a66854 | ||
| 037 |
_b2375, 19/02/2020, M.R.Publications _cTextual |
||
| 040 |
_aCRL _cCRL _burd |
||
| 041 |
_2urd _aurd |
||
| 082 | _aO168,3NIA:g, Q9 | ||
| 100 |
_aAllamuddin Mohammad Au. _9607396 |
||
| 245 | 0 | _aIlyas Ahmad Gaddi ki adbi khidmat | |
| 260 |
_aNew Delhi _bEducational publishing house India _c2019 |
||
| 300 |
_a218p. _ccm. |
||
| 650 |
_aURDU FICTION _93298 |
||
| 942 |
_hO168,3NIA:g, Q9 _cTEXL _2cc |
||
| 999 |
_c979856 _d979856 |
||